000 00899nac a22002891u 4500
003 EG-ScBUE
005 20221101102312.0
008 221101t2007 gw a f 001 0 eng d
020 _a9783937718651
040 _aEG-ScBUE
_beng
_erda
_cEG-ScBUE
_dEG-ScBUE
082 0 4 _a721.04471
_bSTE
_222
245 0 0 _aSteel design /
_c[edited and texts by Daniela Santos Quartino and Isabel Artigas]
264 1 _aCologne :
_bDaab,
_c[2007]
264 4 _cc2007
300 _a399 pages :
_bcolor illustrations ;
_c23 cm
336 _2rdacontent
_atext
_btxt
337 _2rdamedia
_aunmediated
_bn
338 _2rdacarrier
_avolume
_bnc
500 _aIncludes index.
650 7 _aBuilding, Iron and steel.
_2BUEsh
650 7 _aArchitecture.
_2BUEsh
653 _bENGARC
655 _vReading book
700 1 _aQuartino, Daniela Santos,
_eeditor.
700 1 _aArtigas, Isabel,
_eeditor.
942 _cBB
_2ddc
999 _c9723
_d9723